logo

Bir Sreshtho Munshi Abdur Rouf Library
Jhenaidah Cadet College

দেবদাস / (Record no. 1110)

MARC details
000 -LEADER
fixed length control field 00741nam a2200229 a 4500
001 - CONTROL NUMBER
JCCL Control Number 1110
003 - CONTROL NUMBER IDENTIFIER
JCCL marc code BD-JhCC
005 - DATE AND TIME OF LATEST TRANSACTION
control field 20200405134007.0
008 - FIXED-LENGTH DATA ELEMENTS--GENERAL INFORMATION
fixed length control field 171015s2007 bg |||| ||a| 000 0 ben d
020 ## - INTERNATIONAL STANDARD BOOK NUMBER
International Standard Book Number 9848260005
035 ## - SYSTEM CONTROL NUMBER
system control number (BD-JhCC)1110
040 ## - CATALOGING SOURCE
Original cataloging agency BD-JhCC
Modifying agency BD-JhCC
041 ## - LANGUAGE CODE
Language code of Book ben
082 ## - DEWEY DECIMAL CLASSIFICATION NUMBER
Classification number 891.443
Author mark and Year CHA 2007
100 ## - MAIN ENTRY--PERSONAL NAME
Personal name চট্টোপাধ্যায়, শ্রী শরৎ চন্দ্র
245 ## - TITLE STATEMENT
Title দেবদাস /
Statement of responsibility, etc শ্রী শরৎ চন্দ্র চট্টোপাধ্যায়
260 ## - PUBLICATION, DISTRIBUTION, ETC. (IMPRINT)
Place of publication, distribution, etc ঢাকা :
Name of publisher, distributor, etc দি স্কাই পাবলিশার্স,
Date of publication, distribution, etc 2007.
300 ## - PHYSICAL DESCRIPTION
Pagination 63 p. :
Dimensions 21 cm.
650 ## - SUBJECT ADDED ENTRY--TOPICAL TERM
Topical term or geographic name as entry element Bengali Novel
942 ## - ADDED ENTRY ELEMENTS (KOHA)
Source of classification or shelving scheme Dewey Decimal Classification
Koha item type Books
Koha issues (borrowed), all copies 4
Holdings
Source of classification or shelving scheme Damaged status Not for loan Home library Current library Shelving location Date of accession Cost, normal purchase price Total Checkouts Full call number Barcode Date last seen Date checked out Copy number Koha item type Checked out Method of acquisition Currency
Dewey Decimal Classification     JCC Rouf Library JCC Rouf Library General Stacks 10/15/2017 60.00 15 891.443 CHA 2007 2111 12/17/2024 09/26/2024 C-1 Books      
Dewey Decimal Classification     JCC Rouf Library JCC Rouf Library General Stacks   160.00 8 891.443 CHA 2007 19072 12/17/2025 12/17/2025 C-2 Books 01/12/2026 Purchase BDT
Dewey Decimal Classification     JCC Rouf Library JCC Rouf Library General Stacks   160.00 10 891.443 CHA 2007 19071 06/29/2025 06/15/2025 C-3 Books   Purchase BDT

JCC Library | Contacts | JCC Home

Last Update on 23 September 2017
Copyright @ 2017-2020 JCC Rouf Library
Rouf Library, Jhenidah Cadet College (JCC), Bangladesh